| 000 | 01335nam a22003377a 4500 | ||
|---|---|---|---|
| 001 | 00325 | ||
| 003 | DO-SdBNP | ||
| 005 | 20180306110219.0 | ||
| 007 | 00325 | ||
| 008 | 160509b dr 2001||||| |||| 00| 0 spa d | ||
| 020 | _a9788482613819 | ||
| 040 |
_aBPMSU _bspa _cBPMSU |
||
| 092 |
_a373.53 _bC568f 4to. 2001 |
||
| 100 | 1 | _aCid, Félix Antonio | |
| 245 | 1 |
_aFísica 2 : cuarto bachillerato; _b[educación media] / _cFélix Antonio Cid ; dirección editorial Obdulia García de Escobar ; editora Claudio Llibre de Vargas |
|
| 260 |
_aSanto Domingo : _bSantillana, _c2001. |
||
| 300 |
_a231 p. : _bil., retrs. _c28 cm. |
||
| 490 | 1 | _aUmbral | |
| 505 |
_tEl movimiento de los cuerpos -- _tPrincipios de conservación -- _tTermodinámica -- _tElectricidad y magnetismo -- _tFísica moderna -- _tTeoría atómica y nuclear -- _tFísica aplicada -- _tAstrofísica. |
||
| 650 | 4 |
_aFÍSICA _xENSEÑANZA SECUNDARIA |
|
| 650 | 4 |
_aFÍSICA _xLIBROS DE TEXTOS |
|
| 650 | 4 |
_aFÍSICA _xESTUDIOS Y EJERCICIOS |
|
| 650 | 4 |
_aEDUCACIÓN SECUNDARIA _zREPÚBLICA DOMINICANA |
|
| 650 | 4 |
_aFÍSICA _xEDUCACIÓN SECUNDARIA |
|
| 700 | 1 |
_aGarcía de Escobar, Obdulia, _e ed. |
|
| 700 | 1 |
_aLlibre de Vargas, Claudia, _eed. |
|
| 830 | 0 | _aUmbral | |
| 942 |
_2ddc _cBK |
||
| 945 | _ainventariado, 2018 / dg | ||
| 956 |
_aBTAVÁREZ _b10 _c20160517 _d00325 |
||
| 999 |
_c10043 _d10043 |
||